Svetovú výrobu áut poháňal čínsky motor

Celosvetová výroba áut v roku 2014 - 89,7 milióna automobilov. Rast výroby v Európe, najmä v Španielsku a Nemecku. Prepad výroby v Rusku a v Brazílii. Čína - motor rastu. Kolaps vo výrobe v Thajsku. Najväčší výrobcovia vozidiel.

Uložené v:
Podrobná bibliografia
Hlavný autor: Kvašňák, Lukáš
Médium: Kapitola
Jazyk:Slovak
Predmet:
Tagy: Pridať tag
Žiadne tagy, Buďte prvý, kto otaguje tento záznam!

MARC

LEADER 00000naa a2200000 4500
001 0199858
005 20231113103052.2
041 0 |a slo 
044 |a SK 
245 1 0 |a Svetovú výrobu áut poháňal čínsky motor  |c Lukáš Kvašňák 
520 |a Celosvetová výroba áut v roku 2014 - 89,7 milióna automobilov. Rast výroby v Európe, najmä v Španielsku a Nemecku. Prepad výroby v Rusku a v Brazílii. Čína - motor rastu. Kolaps vo výrobe v Thajsku. Najväčší výrobcovia vozidiel. 
610 2 0 |a priemysel automobilový 
610 2 0 |a automobily 
610 2 0 |a výroba 
610 2 0 |a štatistika 
610 2 0 |a svet 
100 1 |a Kvašňák, Lukáš